Szczegóły MARC21

The Norton anthology of world masterpieces : the Western tradition . Vol.2, Literature of Western culture since the Renaissance /

005 -DATA I CZAS OSTATNIEJ MODYFIKACJI [,]
    • @
    • pole kontrolne
    • 20070315155141.9
020 -Międzynarod. znormalizowany nr książki - ISBN [ , ]
    • a
    • Numer ISBN
    • 039397300X Find
040 -Instytucja sporządzająca opis [ , ]
    • a
    • Instytucja, która sporządziła opis (NP)
    • SZCZ U
    • c
    • Instytucja, która sporządziła rekord (NP)
    • SZCZ U
041 -Język dokumentu [0, ]
    • a
    • Język tekstu (P)
    • angielski
    • h
    • Język tekstu oryginalnego i/lub pośredniego (P)
    • angielski
942 -Rodzaj dokumentu [ , ]
    • c
    • Rodzaj dokumentu
    • Książka
245 -Strefa tytułu i oznaczenia odpowiedzialności [0, ]
    • a
    • Tytuł
    • The Norton anthology of world masterpieces : Find
    • b
    • Ciąg dalszy tytułu (NP)
    • the Western tradition . Find
    • n
    • Oznaczenie części (P)
    • Vol.2,
    • p
    • Nazwa części (P)
    • Literature of Western culture since the Renaissance /
    • c
    • Pozostałe elementy strefy tytułu i oznaczenia odpowiedzialności (NP)
    • Sarah Lawall, general editor ; Maynard Mack, general editor.
250 -Strefa wydania [ , ]
    • a
    • Oznaczenie wydania (NP)
    • 7th ed.
260 -Strefa adresu wydawniczego [ , ]
    • a
    • Miejsce wydania (P)
    • New York :
    • b
    • Nazwa wydawcy (P)
    • W.W.Norton and Comp.,
    • c
    • Data wydania (P)
    • 1999.
300 -Strefa opisu fizycznego [ , ]
    • a
    • Określenie formy książki i/lub objętość (NP)
    • XXIV, 2194 s :
    • b
    • Oznaczenie ilustracji (NP)
    • mapka :
    • c
    • Format (NP)
    • 24 cm.
500 -Uwaga ogólna [ , ]
    • a
    • Uwaga ogólna (NP)
    • Ind
080 -Uniwersalna Klasyfikacja Dziesiętna [ , ]
    • a
    • Symbol klasyfikacji
    • 82-1/-9(082.2)=20
980 -Symbol UKD [ , ]
    • a
    • UKD
    • 82-1/-9(082.2)=20
700 -Hasło dodatkowe - nazwa osobowa [ , ]
    • a
    • Nazwa osobowa (NP)
    • Lawall Sarah Find
700 -Hasło dodatkowe - nazwa osobowa [ , ]
    • a
    • Nazwa osobowa (NP)
    • Mack Maynard Find
920 -ISBN [ , ]
    • a
    • ISBN
    • 0-393-97300-X Find
Numer inwentarzowy Lokalizacja Data inwentaryzacji Sygnatura Status udost.
A.6904BM2003-04-23ANG. Antologie 051